000 00741nam a2200217Ia 4500
003 OSt
005 20220928115004.0
008 210716s2018 xx 000 0 und d
020 _a9781788473927
040 _cAIMIT LIBRARY
041 _aeng
082 _a005.448
_21
_bGILJ
100 _aGilbert, John.
_958650
245 _aCloud native development patterns and best practices :
_bpractical architectural patterns for building modern distributed cloud native systems /
_cBy John Gilbert.
250 _a1st ed.
260 _aMumbai :
_bPackt Publishing Ltd ,
_c2018 .
300 _avi, 303p. ;
_bPB
_c23.5 cm.
650 _aAnatomy of cloud native systems
_958651
650 _aDeployment
_958652
942 _2ddc
_cBK
_e1st
_k005.448 GILJ
999 _c196547
_d196547